Mcu phase one (2008-2012) character screen time - Statistics

General Stats
  • This quiz has been taken 141 times
  • The average score is 29 of 60
Answer Stats
first appearance screen time Answer % Correct
The Incredible Hulk 73:30 Dr. Bruce Banner
99%
Captain America: The First Avenger 84:45 Steve Rogers
99%
Thor 61:15 Thor
99%
Iron man 45:15 Pepper Potts
97%
Iron man 170:45 Tony Stark
97%
Thor 42:45 Loki
96%
Iron man 2 34:00 Natasha Romanoff
92%
Iron man 25:15 Director Nick Fury
85%
Iron man 27:00 Lt. Col. James "Rhodey" Rhodes
82%
Thor 11:15 Odin
81%
Captain America: The First Avenger 17:15 Agent Peggy Carter
77%
Thor 12:45 Clint Barton
77%
Captain America: The First Avenger 8:00 Sgt. James "Bucky" Barnes
77%
Iron man 18:45 Agent Phil Coulson
71%
Thor 21:00 Dr. Jane Foster
71%
Iron man 5:30 Harold "Happy" Hogan
71%
The Incredible Hulk 18:30 Emil Blonsky
69%
Captain America: The First Avenger 15:30 Johann Schmidt
68%
Iron man 2 20:45 Ivan Vanko
66%
Iron man 22:00 Obadiah Stane
66%
Thor 8:15 Sif
64%
The Avengers 5:30 Agent Maria Hill
62%
The Incredible Hulk 27:00 Dr. Betty Ross
59%
Thor 16:45 Dr. Erik Selvig
56%
Thor 2:00 Frigga
55%
The Incredible Hulk 15:00 General Thaddeus Ross
52%
Iron man 2 16:30 Justin Hammer
51%
Thor 4:15 Heimdall
47%
Thor 6:30 Hogun
45%
Iron man 2 6:00 Howard Stark
45%
The Avengers :15 Thanos
45%
Thor 8:30 Darcy Lewis
44%
Thor 7:00 Fandral
43%
Captain America: The First Avenger 8:15 Dr. Arnim Zola
42%
Thor 3:30 Laufey
42%
Thor 7:00 Volstagg
42%
Iron man 2 2:15 Senator Stern
37%
Captain America: The First Avenger 1:45 Sgt. Timothy "Dum Dum" Dugan
33%
Captain America: The First Avenger 8:30 Dr. Abraham Erskine
32%
Iron man 10:45 Professor Ho Yinsen
32%
Captain America: The First Avenger 9:15 Col. Chester Phillips
28%
Iron man 6:00 Raza
28%
Iron man 5:15 Christine Everhart
27%
The Avengers 2:30 The Other
24%
The Incredible Hulk 7:30 Samuel Sterns
23%
Thor 1:30 Agent Jasper Sitwell
22%
Captain America: The First Avenger 1:30 Pvt. Jim Morita
22%
Captain America: The First Avenger 1:45 Pvt. Gabe Jones
18%
Iron man 2 1:15 Anton Vanko
17%
Captain America: The First Avenger 2:15 Heinz Kruger
16%
The Incredible Hulk 2:15 Dr. Leonard Samson
15%
Captain America: The First Avenger 1:30 Pvt. Jacques Dernier
15%
Iron man 1:45 Abu Bakaar
13%
The Avengers 1:00 Councilwoman Malick
12%
The Avengers 1:00 Councilwoman Hawley
9%
The Incredible Hulk 2:15 Maj. Kathleen Sparr
9%
The Incredible Hulk :15 Roger Harrington
9%
Iron man :45 William Ginter Riva
9%
The Avengers 1:45 Gen. Georgi Luchkov
6%
Captain America: The First Avenger 1:30 Pvt. James Montgomery Fallsworth
4%
No matching quizzes found
Score Distribution
Percent of People with Each Score
Percentile by Number Answered
Your Score History
You have not taken this quiz